00589nam a2200193Ii 450000100060000000300090000600800410001502000150005604000330007104100080010408200230011210000270013524500250016226401150018730000120030233600260031433700280034033800270036813351CO-ViMGA241108s9999||||xx |||||||||||||| ||und|| a929057027X aCO-ViMGAbspaerdacCO-ViMGA0 aspa04aF.FC 070.54 - A71l1 aJuan Ignacio Arango F.10aEl libro en Colombia 1aBogotá, Colombia : Centro Regional para el Fomento del Libro en América Latina y el Caribe "CERLALC", 1991 avolumen atextbtxt2rdacontent aunmediatedbn2rdamedia avolumebnc2rdacarrier